000 00960nam a2200241 a 4500
001 78933
003 BD-RjUL
005 20211209083206.0
008 211130s2021 bg ||||| |||| 00| 0 ben d
020 _a9789843357960
_c: Tk. 300.00
035 _a(BD-RjUL)79160
040 _aBD-RjUL
_beng
_cBD-RjUL
041 _aben
082 _223
_a954.9205092
_bCHK 2021
100 _aচৌধুরী, বদিউজ্জামান
_9250814
245 1 0 _aখোকা থেকে বঙ্গবন্ধু /
_cবদিউজ্জামান চৌধুরী
250 _aনতুন সং.
260 _aঢাকা :
_bকথামেলা প্রকাশন,
_c২০২১
300 _a২১৫ পৃ.:
_bচিত্রসমূহ,
_c২২ সেমি.
600 _aমুজিবুর রহমান,
_cশেখ,
_d১৯২০-১৯৭৫
_9250820
600 _aMujibur Rahman,
_cSheikh,
_d1920-1975
_9250821
942 _2ddc
_cBK
999 _c78933
_d78933